Amore e morte nel romanzo americano /
সংরক্ষণ করুন:
| প্রধান লেখক: | |
|---|---|
| অন্যান্য লেখক: | , |
| বিন্যাস: | গ্রন্থ |
| ভাষা: | ইতালিয় |
| প্রকাশিত: |
Milano :
Longanesi & C.,
c1983
|
| মালা: | Il cammeo ;
44 |
| বিষয়গুলি: | |
| ট্যাগগুলো: |
কোনো ট্যাগ নেই, প্রথমজন হিসাবে ট্যাগ করুন!
|
MARC
| LEADER | 00000nam a22000007i 4500 | ||
|---|---|---|---|
| 001 | IT\ICCU\UBO\0050552 | ||
| 003 | ItRI | ||
| 005 | 20260115232320.0 | ||
| 008 | 931022s1983 it |||||| |||||0|||||c | ||
| 040 | |b ita |c importazione bologna sebina | ||
| 041 | 7 | |a ita |2 ISO-639-2 | |
| 082 | |a 813 |9 NARRATIVA AMERICANA IN LINGUA INGLESE |2 20 | ||
| 100 | 1 | |a Fiedler, Leslie A. |0 IT\ICCU\PUVV\187981 |4 aut | |
| 240 | 1 | 0 | |a Love and death in the american novel |3 IT\ICCU\PAL\0008479 |9 Fiedler, Leslie A. |
| 245 | 1 | 0 | |a Amore e morte nel romanzo americano / |c di Leslie Fiedler ; a cura di Carlo Izzo ; traduzione di Valentina Poggi. |
| 260 | |a Milano : |b Longanesi & C., |c c1983 | ||
| 300 | |a 595 p. ; |c 21 cm | ||
| 650 | 7 | |a AMORE NELLA LETTERATURA NARRATIVA AMERICANA |2 scbi | |
| 650 | 7 | |a MORTE NELLA LETTERATURA NARRATIVA AMERICANA |2 scbi | |
| 700 | 1 | |a Izzo, Carlo |0 IT\ICCU\CFIV\094333 | |
| 700 | 1 | |a Poggi, Valentina |0 IT\ICCU\MILV\013594 | |
| 790 | 1 | |a Poggi Ghigi, Valentina |3 IT\ICCU\CFIV\139454 |z Poggi, Valentina | |
| 790 | 1 | |a Ghigi Poggi, Valentina |3 IT\ICCU\CFIV\139455 |z Poggi, Valentina | |
| 790 | 1 | |a Fiedler, Leslie |3 IT\ICCU\CFIV\244050 |z Fiedler, Leslie A. | |
| 790 | 1 | |a Fiedler, Leslie Aaron |3 IT\ICCU\SBNV\086402 |z Fiedler, Leslie A. | |
| 830 | 3 | |a Il cammeo ; |v 44 |0 IT\ICCU\RAV\0117480 | |
| 942 | |2 ddc |c BK |n 0 | ||
| 952 | |0 0 |1 0 |4 0 |6 DOC_814_000000000000000_FIE |7 0 |9 24044 |a BO |b BO |d 2026-01-15 |i 3081 |l 0 |o DOC 814 FIE |p BO3081 |r 2026-01-15 23:23:20 |w 2026-01-15 |x [Sebina 5] [1 v.] |y BK |z 1 v. | ||
| 999 | |c 20474 |d 20474 | ||